Планирование, организация и проведение научно-исследовательских и опытно-конструкторских работ. ... за 1972-1974 гг. (Запись № 7694674)

Подробности
000 -МАРКЕР
контрольное поле 01607nam2a22002531 4500
001 - ИДЕНТИФИКАТОР ЗАПИСИ
контрольное поле rc\3582426
005 - ИДЕНТИФИКАТОР ВЕРСИИ
контрольное поле 20250610074820.0
021 ## - НОМЕР ГОСУДАРСТВЕННОЙ РЕГИСТРАЦИИ
Код страны Российская Федерация
Номер [75-15379]
035 ## - ДРУГИЕ СИСТЕМНЫЕ НОМЕРА
Идентификатор записи (NLR Aleph) 007804878
100 ## - ДАННЫЕ ОБЩЕЙ ОБРАБОТКИ
Данные общей обработки 20130115d1974 |||y0rusy50 ca
101 0# - ЯЗЫК РЕСУРСА
Язык текста, звукозаписи и т.д. русский
102 ## - СТРАНА ПУБЛИКАЦИИ ИЛИ ПРОИЗВОДСТВА
Страна публикации Российская Федерация
105 ## - ПОЛЕ КОДИРОВАННЫХ ДАННЫХ: ТЕКСТОВЫЕ МАТЕРИАЛЫ, МОНОГРАФИЧЕСКИЕ
Кодированные данные о монографическом текстовом документе y z |||||
200 0# - ЗАГЛАВИЕ И СВЕДЕНИЯ ОБ ОТВЕТСТВЕННОСТИ
Основное заглавие ... за 1972-1974 гг.
Первые сведения об ответственности [Сост. Т.А. Сырмус
210 ## - ПУБЛИКАЦИЯ, РАСПРОСТРАНЕНИЕ И ДР.
Имя издателя, распространителя и т. д. ЭстНИИНТИ]
Дата издания, распространения и т.д. 1974
Место издания, распространения и т.д. Б. м.
215 ## - ФИЗИЧЕСКАЯ ХАРАКТЕРИСТИКА
Специфическое обозначение материала и объем 19 с.
461 #0 - УРОВЕНЬ НАБОРА
Встроенное поле 001rc\3582425
-- 2001#$aПланирование, организация и проведение научно-исследовательских и опытно-конструкторских работ$eСписок отеч. и иностр. литературы...$fЭст. науч.-исслед. ин-т науч.-техн. информации и техн.-экон. исследований. Респ. науч.-техн. б-ка ЭССР$v... за 1972-1974 гг.
Системный номер (АБИС) связанной записи 7694671
Место публикации Таллин
Дата публикации 1974
Первые сведения об ответственности Эст. науч.-исслед. ин-т науч.-техн. информации и техн.-экон. исследований. Респ. науч.-техн. б-ка ЭССР
Имя издателя, распространителя и т.д. Б. и.
Сведения, относящиеся к заглавию Список отеч. и иностр. литературы...
Заглавие Планирование, организация и проведение научно-исследовательских и опытно-конструкторских работ
Номер тома ... за 1972-1974 гг.
702 #1 - ИМЯ ЛИЦА - ВТОРИЧНАЯ ОТВЕТСТВЕННОСТЬ
Начальный элемент ввода Сырмус
Часть имени, кроме начального элемента ввода Т.А.
Код отношения Составитель
801 #0 - ИСТОЧНИК ЗАПИСИ
Страна Российская Федерация
Организация NLR
Правила каталогизации psbo
801 #1 - ИСТОЧНИК ЗАПИСИ
Страна Российская Федерация
Организация ELAR
Источник данных rusmarc
852 ## - МЕСТОНАХОЖДЕНИЕ И ШИФР ХРАНЕНИЯ
Идентификатор организации NLR
Шифр хранения (Call Number) С737-410/П37
942 ## - ДОПОЛНИТЕЛЬНЫЕ ЭЛЕМЕНТЫ ЗАПИСИ (АБИС)
Тип экземпляра АБИС Книга
980 ## - КОЛЛЕКЦИЯ
Название коллекции Национальная библиография
Экземпляры
Тип экземпляра Дата поступления Библиотека постоянного хранения Библиотека текущего хранения Место хранения Шифр хранения Штрих-код Статус экземпляра
Книга 26.10.2013 РНБ (Московский) РНБ (Московский) Центральная справочная библиотека С737-410/П37 1-4313713  
Книга 02.02.2024 РНБ (Московский) РНБ (Московский) Центральная справочная библиотека С737-410/П37 1-4313715